Три повести о малыше и карлсоне (Бичлэгийн дугаар. 1088872)

MARC дэлгэрэнгүй
000 -Удирдлага
Ном зүйн бүртгэл тоо буюу кодлох утгыг агуулсан 00624nam a22002057a 4500
008 - ЕРӨНХИЙ МЭДЭЭЛЭЛ-ЭЛЕМЕНТҮҮДИЙН ӨГӨГДЛИЙН УРТ
fixed length control field 240702b mp ||||| |||| 00| 0 mon d
035 ## - СИСТЕМИЙН ХЯНАЛТЫН ДУГААР
Системийн хяналтын дугаар 21084
040 ## - ЭХ СУРВАЛЖИЙГ ТОДОРХОЙЛОН БИЧИХ
Анхны каталогийн байгууллага ZA2481090
Каталогийн хэл Орос
Бичлэг хийж нэвтрүүлэх байгууллага MN-UlNLM
Өөрчлүүлэх байгууллага MN-UlNLM
Бичиглэлийн тодорхойлолт rda
041 ## - ХЭЛНИЙ КОД
Текстийн хэлний код/фонограм буюу салангид гарчиг Орос
042 ## - AUTHENTICATION CODE
Authentication code 50317
084 ## - БУСАД АНГИЛЛЫН ДУГААР
Ангиллын нэр Номын сан номзүйн ангилал
Анги 84/2орос/-44
Зохиогчийн 3-н тэмдэгт Л-59
100 ## - ЗОХИОГЧИЙН ХЭСЭГ
Зохиогчийн нэр Линдгрен А.
245 #0 - ҮНДСЭН ГАРЧИГ
Гарчиг Три повести о малыше и карлсоне
264 ## - ГАРАЛТЫН МЭДЭЭ
Хэвлэгдсэн газар Москва
Бүтээгч, хэвлэгч, түгээгч, үйлдвэрлэгчийн нэр Детская литература
Хэвлэгдсэн он 1986
300 ## - ТООНЫ МЭДЭЭ
Хуудасны тоо 413х.
336 ## - АГУУЛГЫН ТӨРӨЛ
Нөөц rdacontent
Агуулгын төрлийн нөхцөл text
Агуулгын төрлийн код txt
337 ## - MEDIA TYPE
Эх сурвалж rdamedia
Файлын төрөл unmediated
Файлын код n
338 ## - CARRIER TYPE
Source rdacarrier
Carrier type term volume
Carrier type code nc
942 ## - ЭЛЕМЕНТИЙН ТӨРӨЛ
Анги Номын сан номзүйн ангилал
Төрөл Ном
Захиалгууд
Буцаан татагдсан төлөв Хасагдсан шалтгаан Гэмтсэн төлөв Данс заагч Захиалах боломжгүй Үндсэн номын сан Одоогийн байршил Салбар танхим Салбар танхим Бүртгэсэн огноо Тавиурын заалт Баркод Үнэ Хамгийн сүүлд байсан огноо Нийт уншлаганд гарсан тоо Дансны дугаар Төрөл
          Завхан аймаг Завхан аймаг Завхан | Гадаад уншлагын танхим Завхан | Гадаад уншлагын танхим 2024-07-06 84/2орос/-44 Л-59 ZA24821084-4-1 475.00 2024-07-06   9421 Ном